Relación entre los métodos de labranza y fertilidad nitrogenada del suelo, para trigo, en Bordenave (Bs. As.) /
Guardado en:
| Autor Principal: | |
|---|---|
| Autor Corporativo: | |
| Formato: | Libro |
| Idioma: | Spanish |
| Publicado: |
1980.
|
| Etiquetas: |
Agregar Etiqueta
Sin Etiquetas, Sea el primero en etiquetar este registro!
|
| LEADER | 00808nam a22001815a 4500 | ||
|---|---|---|---|
| 001 | EEA.libagro010805 | ||
| 005 | 20180912120834.0 | ||
| 008 | 130809s1980####ag#a##########000#0#spa#d | ||
| 082 | 0 | 4 | |a 631.8 |
| 082 | 0 | 4 | |a 633.11 |
| 100 | 1 | |a Loewy, Tomás. | |
| 245 | 1 | 0 | |a Relación entre los métodos de labranza y fertilidad nitrogenada del suelo, para trigo, en Bordenave (Bs. As.) / |c Tomás Loewy. |
| 260 | |c 1980. | ||
| 300 | |a [7] h. : |b il. ; |c 30 cm. | ||
| 500 | |a Comunicación: IX Reunión Argentina de la Ciencia del Suelo (Paraná, 1980). | ||
| 710 | 2 | |a Instituto Nacional de Tecnología Agropecuaria (Argentina). |b Estación Experimental Agropecuaria Bordenave. | |
| 773 | 0 | |t Fertilidad y Fertilizantes. Publicaciones del Ing. Agr. Tomás Loewy. |g Trabajo nº 3. | |
| 859 | |a AR-BbBCA |b BIB. AGRONOMIA |h 631.8 |i L827 3 |p 1996/2579 | ||
